000 00461nam a2200157Ia 4500
008 220216s9999 xx 000 0 und d
100 _aTsai
_cC H
245 0 _aPolymer blends of PBT and PP compatibilized by ethylene-co-glycidyl methacrylate copolymers
260 _bJournal of Applied Polymer Science
_c1996
300 _a321-332
650 _aCapillary rheometry
650 _aCopolymer
650 _aPolymer blends
700 _aChang F C
942 _cJS
999 _c65253
_d65253